| 000 | 00485nam a22001817a 4500 | ||
|---|---|---|---|
| 003 | OSt | ||
| 005 | 20220902094721.0 | ||
| 008 | 220902b |||||||| |||| 00| 0 eng d | ||
| 020 | _a0139064621 | ||
| 040 | _cIFM Library | ||
| 082 | _a58,4038 | ||
| 100 | _aLaudon | ||
| 245 | _aManagement Information Systems:New Approaches to Organization | ||
| 260 |
_aUsa _bHall international ,inc. _c1998 |
||
| 300 |
_a xxviii, 463p.: _b27cm |
||
| 500 | _aInclude ,Index | ||
| 942 |
_cBK _2ddc _n0 |
||
| 999 |
_c18912 _d18912 |
||